LEADER 01121nam--2200373---450- 001 990000485010203316 005 20050517144251.0 010 $a19-281055-3 035 $a0048501 035 $aUSA010048501 035 $a(ALEPH)000048501USA01 035 $a0048501 100 $a20010531d1969----km-y0itay0103----ba 101 $aeng 102 $aGB 105 $a||||||||001yy 200 1 $aBurlesque plays of the Eighteenth century$fedited with introductions and notes by Simon Trussler 210 $aLondon$cOxford University press$d1969 215 $aXVI, 367 p.$d21 cm 225 2 $aOxford paperbacks$v182 410 $12001$aOxford paperbacks$v182 676 $a827.5 702 1$aTRUSSLER,$bSimon 801 0$aIT$bsalbc$gISBD 912 $a990000485010203316 951 $aVII.3.A. 336 (RI A 51)$bLM$cRI A 959 $aBK 969 $aUMA 979 $aPATTY$b90$c20010531$lUSA01$h1110 979 $c20020403$lUSA01$h1657 979 $aPATRY$b90$c20040406$lUSA01$h1634 979 $aCOPAT4$b90$c20050517$lUSA01$h1442 996 $aBurlesque plays of the Eighteenth century$9483059 997 $aUNISA LEADER 03396nam 2200733 450 001 9910452463003321 005 20200520144314.0 010 $a1-60649-517-8 035 $a(CKB)2550000001114704 035 $a(EBL)1420630 035 $a(SSID)ssj0001100349 035 $a(PQKBManifestationID)11628004 035 $a(PQKBTitleCode)TC0001100349 035 $a(PQKBWorkID)11063185 035 $a(PQKB)11309423 035 $a(OCoLC)859338141 035 $a(CaBNVSL)swl00402755 035 $a(MiAaPQ)EBC1420630 035 $a(PPN)197826741 035 $a(Au-PeEL)EBL1420630 035 $a(CaPaEBR)ebr10767930 035 $a(CaONFJC)MIL514576 035 $a(OCoLC)857713144 035 $a(EXLCZ)992550000001114704 100 $a20130927d2013 fy 0 101 0 $aeng 135 $aur|n|---||||| 181 $ctxt 182 $cc 183 $acr 200 10$aSocial entrepreneurship $efrom issue to viable plan /$fTerri D. Barreiro and Melissa M. Stone 205 $aFirst edition. 210 1$aNew York, New York (222 East 46th Street, New York, NY 10017) :$cBusiness Expert Press,$d2013. 215 $a1 online resource (136 p.) 225 1 $aEntrepreneurship and small business management collection,$x1946-5661 300 $aPart of: 2013 digital library. 311 $a1-60649-516-X 311 $a1-299-83325-X 320 $aIncludes bibliographical references (pages 117-120) and index. 327 $a1. Introduction -- 2. Issues, ideas, and opportunities, a simultaneous pursuit -- 3. Understanding those to be served and their communities -- 4. The policy environment, opportunities and constraints -- 5. Analyzing competitive forces, the market and the industry -- 6. Creating a social venture feasibility plan -- 7. Completing a viability assessment of the venture -- Appendix I. Denise DeVaan: from teacher to national advocate reducing poverty -- Appendix II. Frey Foundation (Minnesota): a story of a journey from charity to systems change engagement -- Appendix III. Mike Temali: expert in neighborhood and economic transformation -- Notes -- References -- Index. 330 3 $aThis book provides a guided deep dive into the early stages of venture development of social entrepreneurship. It introduces concepts that provide important insights necessary for social venture success. It introduces a set of entrepreneurial tools designed for the unique set of challenges faced in selecting and designing social entrepreneurial ventures. With this book as a guide, the reader can develop a feasible venture concept and communicate it effectively. 410 0$a2013 digital library. 410 0$aEntrepreneurship and small business management collection.$x1946-5661. 606 $aSocial entrepreneurship 608 $aElectronic books. 610 $asocial entrepreneurship 610 $afeasibility analysis 610 $aentrepreneur 610 $asocial entrepreneur 610 $atheory of change 610 $alogic model 610 $apublic policy analysis 610 $anonprofit 615 0$aSocial entrepreneurship. 676 $a658.408 700 $aBarreiro$b Terri D.$0921642 702 $aStone$b Melissa M. 801 0$bMiAaPQ 801 1$bMiAaPQ 801 2$bMiAaPQ 906 $aBOOK 912 $a9910452463003321 996 $aSocial entrepreneurship$92067655 997 $aUNINA LEADER 00966nam0-2200301 --450 001 9910751901003321 005 20231109131624.0 010 $a978-88-329-0598-4 100 $a20231109d2021----kmuy0itay5050 ba 101 0 $aita$cita 102 $aIT 105 $ay 001yy 200 1 $aPensare l'ebraismo$eJacques Maritain e Simone Weil$fEmanuele Pili$gcon la prima traduzione italiana delle Basi per uno statuto delle minoranze francesi di Simone Weil 210 $aRoma$cCastelvecchi$d2021 215 $a82 p.$d21 cm 225 1 $aFrangenti 610 0 $aEbraismo$aAtteggiamento [di] Maritain, Jacques [e] Weil, Simone 676 $a296.396$v23$zita 700 1$aPili,$bEmanuele$0219985 702 1$aWeil,$bSimone 702 1$aMaritain,$bJacques 801 0$aIT$bUNINA$gREICAT$2UNIMARC 901 $aBK 912 $a9910751901003321 952 $aFIL 20$b1183/2023$fFSPBC 959 $aFSPBC 996 $aPensare l'ebraismo$93577434 997 $aUNINA